Die 27 Farben - Statistiken

Allgemein
  • Dieses Quiz wurde 183 mal gespielt
  • Das Durchschnittsergebnis liegt bei 17 aus 27
Antwortstatistiken
Farbe Bezeichnung % Korrekt
. Schwarz
100%
Gelb
98%
Rot
96%
Grün
95%
Lila
94%
Weiß
94%
Orange
93%
Blau
92%
Dunkelblau
88%
Türkis
86%
Pink
83%
Rosa
83%
Hellblau
79%
Dunkelgrün
78%
Grau
78%
Hellgrün
74%
Hellgelb
59%
Magenta
59%
Cyan
41%
Lachs
31%
Olive
31%
Limette
11%
Helltürkis
8%
Kastanienbraun
4%
Kobaltblau
3%
Dunkelcyan
2%
Dunkelmagenta
1%
Keine übereinstimmenden Quizze gefunden
Verteilung der Resultate
Anzahl Personen mit jedem Resultat
Perzentil nach korrekt beantworteten Fragen
Ihre Resultats-Entwicklung
Sie haben dieses Quiz noch nicht gespielt